000 00494nam a22001937a 4500
003 LK-CoMWRAF
005 20231102131802.0
008 231006b1989 |||||||| |||| 00| 0 eng d
020 _a0907461603
040 _aLK-CoMWRAF
_dLK-CoMWRAF
_eLK-CoMWRAF
041 _aeng
082 _a340.5
_bDOI
100 _aDoi, Abdul Rahaman I.
245 _aWoman in shari'ah (Islamic Law)
260 _aLondon:
_bTa-Ha publishers,
_c1989
300 _a199 p.
650 _aISLAMIC LAW-Women
942 _cBK
999 _c3796
_d3796